| 000 | 01204nam0a2200337 4500 | ||
|---|---|---|---|
| 001 | RU\NLR\bibl\1708483 | ||
| 005 | 20250616064011.0 | ||
| 010 |
_a978-5-900898-82-7 _9500 |
||
| 021 |
_aRU _b2010-86039 _95753 |
||
| 035 | _a(NLR Aleph) 001699525 | ||
| 090 |
_a1211466 _c1211466 |
||
| 100 | _a20101202d2010 |||y0rusy50 ca | ||
| 101 | 0 | _arus | |
| 102 | _aRU | ||
| 105 | _aa ||||||||| | ||
| 200 | 1 |
_aНефтекамск _eнити прошлого _f[Федор Бреднев] |
|
| 210 |
_aНефтекамск _cНефтекамская городская типография _d2010 |
||
| 215 |
_a361, [5] с. _cил. _d21 |
||
| 300 | _aАвт. указан на обл. | ||
| 320 | _aДр. произведения авт. на 4-й с. обл. | ||
| 517 | 0 | _aНити прошлого | |
| 607 |
_aНефтекамск, город (Башкирия) _xИстория _91721848 _3RU\NLR\auth\66768429 |
||
| 686 | _aТ3(2Р-6Б-2Н)0,02 | ||
| 700 | 1 |
_aБреднев _bФ. Д. _f1950- _gФедор Дмитриевич _4070 |
|
| 801 | 0 |
_aRU _bNLR _c20101202 _gRCR |
|
| 801 | 1 |
_aRU _bNLR _c20101202 |
|
| 830 | _aавт. по кн. | ||
| 942 | _cBOOK | ||
| 980 | _aNB | ||